| 000 | 01297cam a2200349 a 4500 | ||
|---|---|---|---|
| 001 | 580743 | ||
| 003 | OSt | ||
| 005 | 20140310184346.0 | ||
| 008 | 901116s1991 nyua j 000 1 eng | ||
| 010 | _a 90025108 | ||
| 020 |
_a0803710402 : _c$13.95 |
||
| 040 |
_aDLC _cDLC _dDLC |
||
| 042 | _alcac | ||
| 050 | 0 | 0 |
_aPZ 7 _b.H67562Am 1991 |
| 082 | 0 | 0 | _a[E] |
| 100 | 1 |
_aHoffman, Mary, _d1945- _924806 |
|
| 245 | 1 | 0 |
_aAmazing Grace / _cby Mary Hoffman ; pictures by Caroline Binch. |
| 250 | _a1st ed. | ||
| 260 |
_aNew York : _bDial Books for Young Readers, _c1991. |
||
| 300 |
_a1 v. (unpaged) : _bcol. ill. ; _c28 cm. |
||
| 500 | _aSequel: Boundless Grace. | ||
| 520 | _aAlthough a classmate says that she cannot play Peter Pan in the school play because she is black, Grace discovers that she can do anything she sets her mind to do. | ||
| 526 | _c680 | ||
| 650 | 1 |
_aAfrican Americans _vFiction. _924807 |
|
| 650 | 1 |
_aIdentity _vFiction. _924808 |
|
| 650 | 1 |
_aTheater _vFiction. _924809 |
|
| 700 | 1 |
_aBinch, Caroline, _eill. _924810 |
|
| 906 |
_a7 _bcbc _corignew _d1 _eocip _f19 _gy-gencatlg |
||
| 942 |
_2lcc _cBK-SCHOLAS |
||
| 999 |
_c33873 _d33873 |
||